000 00852cam a2200241 a 4500
001 000010251
005 20200929162217.0
008 931005s1972 sp 000 0 spa d
040 _aDO-SdBNP
_bspa
_cKyU
_dDLC
_dBNPHU
082 _a862.4
_bC146v
100 1 _aCalderón de la Barca, Pedro,
_d1600-1681.
_95547
245 1 3 _aLa vida es sueño :
_bel gran teatro del mundo /
_cPedro Calderón de la Barca ; prólogo, Antonio Cornejo Polar.
260 _aLima, Perú :
_bEditorial Universo,
_c1972.
300 _a124 p. ;
_c21 cm.
490 1 _aAutores clásicos
_v30
650 4 _aTeatro español
_93071
650 4 _aLiteratura española
_ySIGLO XVII
_915578
700 1 _aCornejo Polar, Antonio,
_epról.
_925263
740 0 _aGran teatro del mundo.
830 0 _aAutores clásicos ;
_v30
_913398
910 _aCatalogación derivada.
049 _aBNGR
999 _c10010
_d10010